Statistics for Top 10 NBA MVP's 1960's

Click here to take the quiz!

General Stats

  • This quiz has been taken 958 times
  • The average score is 15 of 29

Answer Stats

Players% Correct
Wilt Chamberlain
99%
Bill Russell
98%
Jerry West
94%
Bob Cousy
92%
Oscar Robertson
91%
Elgin Baylor
89%
Bob Pettit
85%
Willis Reed
81%
Sam Jones
77%
Wes Unseld
76%
John Havlicek
67%
Rick Barry
62%
Dolph Schayes
57%
Hal Greer
52%
Nate Thurmond
48%
Tom Heinsohn
48%
Billy Cunningham
46%
Dave Bing
46%
Jerry Lucas
46%
Gus Johnson
28%
Lenny Wilkens
23%
Jack Twyman
22%
Richie Guerin
18%
Bailey Howell
14%
Gene Shue
10%
Red Kerr
8%
Tom Gola
8%
Terry Dischinger
5%
Wayne Embry
4%

Score Distribution

Percentile by Number Answered

Percent of People with Each Score

Your Score History

You have not taken this quiz